[Event "Turkey IS Bank Super League 2017"]
[Site "Darica-Kocaeli"]
[Date "2017.08.08"]
[Round "13"]
[White "Najer, Evgeniy"]
[Black "Ali Marandi, Cemil Can"]
[Result "1-0"]
[WhiteElo "2706"]
[BlackElo "2526"]
[Annotator "TA"]
[PlyCount "117"]
[EventType "team-tourn"]
[EventCountry "TUR"]
[SourceTitle "playchess.com"]
[Source "ChessBase"]
[SourceQuality "1"]

{[%evp 20,117,79,66,78,78,75,72,77,74,75,54,55,57,80,79,65,73,72,29,28,39,11,0,0,0,1,4,14,11,6,6,14,1,17,21,27,22,24,0,0,0,0,0,0,0,0,0,0,0,0,0,0,0,1,0,12,0,0,0,0,0,0,0,4,0,0,0,254,4,4,4,4,9,10,10,15,18,16,16,16,16,30,19,1111,1078,931,745,1643,1712,1601,1594,1650,1558,1520,1284,1430,1420,1280,1202]} 1. d4 f5 2. Nf3 Nf6 3. Bg5 e6 4. Nbd2 Be7 5. Bxf6 Bxf6 6. e4 fxe4 7. Nxe4 O-O 8. Bd3 d5 9. Nxf6+ Qxf6 10. O-O c5 11. c3 {[%cal Bc2c3,Bc3d4][%mdl 32]} cxd4 {A83: Dutch Defence: Staunton Gambit with 3 Nc3 Nf6 4 Bg5} 12. cxd4 Nc6 13. Bb5 $146 ({Find the theoretical novelty and annotate with similar games:} 13. Re1 Bd7 14. Bb5 Be8 15. Bxc6 bxc6 16. Qd2 Qe7 17. Re3 Rb8 18. a3 a5 19. Rc1 {1-0 (39) Kuzmin,A (2555)-Abou el Zein,E (2325) Doha 1993}) 13... Bd7 {White is better.} 14. Bxc6 Bxc6 15. Re1 Be8 16. Qd2 Bh5 17. Ne5 Qf4 18. Re3 Rac8 19. Rd3 (19. g3 {feels hotter.} Qf5 20. Rd3 Rc7 21. f3 Qf6 22. Rc3) 19... Qxd2 20. Rxd2 Rc7 21. f3 Rfc8 22. Kf2 Rc2 23. Ke3 Be8 24. h4 Kf8 25. g4 Ke7 26. Rg1 Bb5 27. h5 Rc1 28. Rxc1 Rxc1 $11 {[%mdl 4096] Endgame KRB-KRN} 29. Rg2 Re1+ 30. Kd2 Rh1 31. Kc3 a5 32. Rc2 Kd6 33. Kd2 {Black should prevent Rc5.} Rh2+ 34. Kc1 Rh1+ 35. Kd2 {next Rc5 is good for White.} Rh2+ 36. Kc3 Rh1 37. Rf2 Ba6 38. Kd2 Rb1 39. Kc2 Re1 40. Kd2 Rb1 41. Kc2 Re1 42. h6 gxh6 43. Rh2 b6 $2 {[%mdl 8192]} (43... Re2+ $11 {and Black stays safe.} 44. Rxe2 Bxe2) 44. a3 $2 ({White must play} 44. Rxh6 $18 Re2+ 45. Kd1) 44... Re2+ 45. Rxe2 Bxe2 {KB-KN} 46. Kd2 Bf1 47. Nf7+ Kc6 48. Nxh6 Kb5 49. Kc3 Bg2 $1 50. f4 Bh3 51. Kd3 Ka4 $2 {[%mdl 8192] [#]} (51... Kc6 $11) 52. f5 $1 $18 {White is clearly winning.} exf5 53. gxf5 {[%cal Bg4f5,Bf5f6][%mdl 32]} Kb3 54. f6 Be6 {[#]} 55. Ke3 $1 (55. f7 Bxf7 56. Nxf7 h5 $15) 55... b5 56. Kf4 ({Don't go for} 56. f7 $2 Bxf7 57. Nxf7 Kxb2 $19) 56... Kxb2 57. Ke5 b4 58. axb4 {[%cal Ba3b4,Bb4b5][%mdl 32]} a4 59. b5 {Precision: White = 68%, Black = 70%.} 1-0

[Event "Turkey IS Bank Super League 2017"]
[Site "Darica-Kocaeli"]
[Date "2017.08.06"]
[Round "13"]
[White "Cheparinov, Ivan"]
[Black "Solak, Dragan"]
[Result "1/2-1/2"]
[WhiteElo "2703"]
[BlackElo "2624"]
[Annotator "TA"]
[PlyCount "69"]
[EventType "team-tourn"]
[EventCountry "TUR"]
[SourceTitle "playchess.com"]
[Source "ChessBase"]
[SourceQuality "1"]

{[%evp 15,69,27,16,6,6,6,6,6,3,0,0,1,32,23,25,18,29,4,12,16,6,0,0,0,0,0,0,0,24,47,49,25,50,0,8,0,0,0,0,0,0,-11,0,-1,0,0,0,0,0,0,0,0,0,0,0,0]} 1. e4 c6 2. d4 d5 3. e5 Bf5 4. h4 h5 5. Bd3 Bxd3 6. Qxd3 e6 7. Bg5 {B12: Caro-Kann: Advance Variation} Be7 8. Nf3 Nh6 {LiveBook: 37 Games} 9. c4 $146 (9. Bxh6 $5 Rxh6 10. Nc3 $11) ({Find the theoretical novelty and annotate with similar games:} 9. Nc3 Nf5 10. Ne2 c5 11. dxc5 Qa5+ 12. c3 Qxc5 13. Bxe7 Kxe7 14. Ned4 Nxd4 15. Nxd4 {0-1 (32) Adams,M (2761)-Svidler,P (2741) Shenzhen 2017}) 9... dxc4 10. Qxc4 Nd7 11. Nc3 Nb6 12. Qb3 Nf5 13. Rd1 Rb8 14. Bxe7 Qxe7 15. g3 Nd5 16. O-O Qb4 17. Qc2 Qc4 18. Rd2 O-O 19. Rc1 Rfd8 20. Qd1 Nxc3 21. bxc3 c5 22. Ng5 {[%cal Bf3g5,Bg5e4,Be4f6][%mdl 32]} g6 23. Ne4 b6 24. Nf6+ Kg7 {The position is equal.} 25. dxc5 Rxd2 26. Qxd2 Qxc5 27. Rd1 {Threatens to win with Qg5.} Rh8 28. Qe1 Rc8 29. Kg2 Qxc3 30. Qxc3 Rxc3 $11 {KRN-KRN} 31. Rd8 Ra3 32. Rg8+ Kh6 33. Ne8 {[%cal Rg8h8] [#]} Kh7 34. Nf6+ Kh6 35. Ne8 {Precision: White = 61%, Black = 78%.} 1/2-1/2

[Event "Turkey IS Bank Super League 2017"]
[Site "Darica-Kocaeli"]
[Date "2017.08.07"]
[Round "13"]
[White "Anton Guijarro, David"]
[Black "Swiercz, Dariusz"]
[Result "1/2-1/2"]
[WhiteElo "2654"]
[BlackElo "2638"]
[Annotator "TA"]
[PlyCount "67"]
[EventType "team-tourn"]
[EventCountry "TUR"]
[SourceTitle "playchess.com"]
[Source "ChessBase"]
[SourceQuality "1"]

{[%evp 13,67,0,0,0,7,-18,2,-9,0,-7,0,0,4,-6,12,0,0,0,0,0,0,0,8,0,45,47,53,7,7,3,5,2,2,4,2,0,0,0,0,0,1,1,2,0,0,0,0,0,0,0,0,0,0,0,0,0]} 1. Nf3 d5 2. g3 g6 3. Bg2 Bg7 4. d4 Nf6 5. O-O O-O 6. c3 Nbd7 7. a4 a5 {LiveBook: 9 Games} 8. Bf4 {D02: 1 d4 d5 2 Nf3 sidelines, including 2...Nf6 3 g3 and 2...Nf6 3 Bf4} (8. Re1 Re8 9. Na3 e5 10. dxe5 Nxe5 11. Nxe5 Rxe5 12. Bf4 Re7 13. e4 Bg4 14. Qb3 c6 15. exd5 Nxd5 16. Bxd5 Qxd5 17. Qxd5 Rxe1+ 18. Rxe1 cxd5 {½-½ (77) Kramnik,V (2796)-Piorun,K (2637) Doha 2015}) 8... c6 9. Qc1 $146 ({Predecessor:} 9. Qb3 Ne4 10. Nbd2 Nxd2 11. Nxd2 e5 12. dxe5 Bxe5 13. Bxe5 Nxe5 14. Rad1 Qc7 15. Nf3 Nxf3+ 16. Bxf3 {1-0 (34) Martinovic,S (2448)-Weber,U (2254) Bad Wiessee 2000}) 9... Re8 10. Re1 Ne4 11. Nbd2 Nxd2 12. Qxd2 Nf6 13. Ne5 Bf5 14. f3 Nd7 15. Nxd7 Bxd7 16. e4 dxe4 17. Rxe4 Bf5 18. Re2 e5 19. Rae1 {[%cal Rf4e5]} f6 20. g4 (20. Bh6 {seems wilder.} Qd7 21. Bxg7 Kxg7 22. g4 Be6 23. dxe5 Qxd2 24. Rxd2 Rad8 25. exf6+ Kxf6 26. g5+) 20... Be6 {The position is equal.} 21. dxe5 {[#] Strongly threatening Qxd8.} Qxd2 22. Rxd2 fxe5 23. Bxe5 Bxg4 24. fxg4 {And now Bg3 would win.} Rxe5 25. Rxe5 Bxe5 $11 {[%mdl 4096] Endgame KRB-KRB} 26. Rd7 Rb8 27. Bf1 Bf6 28. h3 b5 29. axb5 cxb5 30. Rd5 (30. Rd6 $5 {[%cal Rd6f6]} Bg5 31. Rd5 $11) 30... b4 31. Rxa5 bxc3 32. bxc3 Bxc3 33. Rb5 Rxb5 34. Bxb5 {Precision: White = 65%, Black = 66%.} 1/2-1/2

[Event "Turkey IS Bank Super League 2017"]
[Site "Darica-Kocaeli"]
[Date "2017.08.06"]
[Round "13"]
[White "Guseinov, Gadir"]
[Black "Salgado Lopez, Ivan"]
[Result "1/2-1/2"]
[WhiteElo "2654"]
[BlackElo "2622"]
[Annotator "TA"]
[PlyCount "60"]
[EventType "team-tourn"]
[EventCountry "TUR"]
[SourceTitle "playchess.com"]
[Source "ChessBase"]
[SourceQuality "1"]

{[%evp 21,60,0,0,0,0,7,28,0,0,0,0,0,0,0,0,0,0,0,0,0,0,0,0,0,0,0,0,0,0,0,0,0,0,0,0,0,0,0,0,0,0]} 1. e4 c6 2. d4 d5 3. Nc3 dxe4 4. Nxe4 Nd7 5. Nf3 Ngf6 6. Ng3 e6 7. Bd3 c5 8. O-O cxd4 9. Nxd4 Bc5 10. Nf3 {B17: Caro-Kann: Modern Line (4...Nd7)} (10. Nb3 Be7 11. Re1 O-O 12. Qf3 a5 13. a4 Nb6 14. Nh5 Nxh5 15. Qxh5 g6 16. Qf3 Qc7 17. c4 Nd7 18. Bf4 Bd6 19. Bxd6 Qxd6 {½-½ (33) Drake Diez de Rivera,P (2584)-Linna,A (2571) ICCF email 2012}) 10... Qc7 11. Qe2 O-O {LiveBook: 8 Games} 12. Ne4 b6 13. Bg5 Bb7 14. Nxf6+ Nxf6 {The position is equal.} 15. Bxf6 gxf6 16. Be4 Bxe4 $146 ({Predecessor:} 16... Rfd8 17. Rad1 Rxd1 18. Rxd1 Bxe4 19. Qxe4 {½-½ (40) Matejov,J (2138)-Prielozny,S (2138) Slovakia 2013}) 17. Qxe4 Rad8 18. Rad1 Rxd1 19. Rxd1 Rd8 20. Rxd8+ Qxd8 21. Kf1 Qd1+ 22. Ne1 Qb1 23. Qf4 Qxb2 24. Qg3+ Kf8 25. Qb8+ Kg7 {[#] aiming for ...e5.} 26. Qg3+ Kf8 27. Qb8+ Kg7 {Threatens to win with ...e5.} 28. Qg3+ Kf8 29. Qb8+ Kg7 {[#] ...e5 is the strong threat.} 30. Qg3+ Kf8 {Precision: White = 89%, Black = 72%.} 1/2-1/2

[Event "Turkey IS Bank Super League 2017"]
[Site "Darica-Kocaeli"]
[Date "2017.08.06"]
[Round "13"]
[White "Zhigalko, Sergei"]
[Black "Ivanchuk, Vassily"]
[Result "1/2-1/2"]
[WhiteElo "2648"]
[BlackElo "2728"]
[Annotator "TA"]
[PlyCount "61"]
[EventType "team-tourn"]
[EventCountry "TUR"]
[SourceTitle "playchess.com"]
[Source "ChessBase"]
[SourceQuality "1"]

{[%evp 21,61,8,17,0,28,2,9,13,19,0,0,10,0,0,0,0,0,0,16,0,0,0,8,5,10,14,26,0,0,-43,-15,-5,0,-25,0,0,0,0,0,0,0,0]} 1. e4 e5 2. Nf3 Nc6 3. Bb5 a6 4. Ba4 Nf6 5. O-O Be7 6. Re1 b5 7. Bb3 O-O 8. a4 b4 9. d3 d6 10. a5 Be6 11. Nbd2 Rb8 12. Nc4 {C88: Closed Ruy Lopez: Anti-Marshall Systems} h6 13. h3 Qc8 14. Be3 Rd8 15. Ba4 {[#]} Bxc4 $146 ({Find the theoretical novelty and annotate with similar games:} 15... Qb7 16. Nfd2 Bf8 17. Qf3 Nd7 18. c3 Ne7 {½-½ (67) Oleksienko,M (2560)-Onischuk,A (2663) Alushta 2007}) 16. Bxc6 Bb5 17. Bxb5 Rxb5 18. c4 bxc3 19. bxc3 {[%cal Bb2c3,Bc3c4][%mdl 32]} Qe6 20. c4 Rb7 21. Nh4 {[#]} Nxe4 $1 {[%mdl 512]} 22. Qf3 {Nf5 is the strong threat.} (22. dxe4 Bxh4) 22... Nc5 23. Bxc5 Rb3 24. Qd1 (24. Bb6 $5 cxb6 25. Nf5 $11) 24... Rbb8 25. Bxd6 Rxd6 26. Nf3 Bf6 27. Re4 Qd7 28. Nxe5 {The position is equal.} Bxe5 29. Rxe5 Rxd3 30. Qg4 Qxg4 31. hxg4 {Precision: White = 39%, Black = 58%.} 1/2-1/2

[Event "Turkey IS Bank Super League 2017"]
[Site "Darica-Kocaeli"]
[Date "2017.08.06"]
[Round "13"]
[White "Kuzubov, Yuriy"]
[Black "Kravtsiv, Martyn"]
[Result "1/2-1/2"]
[WhiteElo "2646"]
[BlackElo "2657"]
[Annotator "TA"]
[PlyCount "60"]
[EventType "team-tourn"]
[EventCountry "TUR"]
[SourceTitle "playchess.com"]
[Source "ChessBase"]
[SourceQuality "1"]

{[%evp 28,60,-6,-6,-6,-11,-14,-12,0,-9,0,0,11,11,11,11,13,8,15,5,8,5,5,5,5,4,4,4,4,4,4,0,0,0,0]} 1. e4 e5 2. Nf3 Nc6 3. d4 exd4 4. Nxd4 Nf6 5. Nc3 Bb4 6. Nxc6 bxc6 7. Bd3 O-O 8. O-O d5 9. exd5 cxd5 10. Bg5 c6 11. Qf3 Rb8 12. Ne2 {C47: Scotch Four Knights and Four Knights with 4 g3} Bg4 13. Bxf6 Bxf3 14. Bxd8 Bxe2 15. Bxe2 {[#] LiveBook: 9 Games. aiming for Bg5.The position is equal.} Rfxd8 16. Rfd1 Be7 17. Rab1 Bf6 18. b3 $146 ({Find the theoretical novelty and annotate with similar games:} 18. b4 Bc3 19. b5 c5 {½-½ (36) Leniart,A (2360)-Zhigalko,S (2587) Budva 2009}) 18... Kf8 19. c4 dxc4 20. Bxc4 Rxd1+ 21. Rxd1 Rd8 22. Rxd8+ Bxd8 $11 {[%mdl 4096] Endgame KB-KB} 23. f4 Ke7 24. Kf2 Bb6+ 25. Kf3 f5 26. h4 h5 27. g3 Ba5 28. Ke2 c5 29. a4 Kf6 30. Bd5 g6 1/2-1/2

[Event "Turkey IS Bank Super League 2017"]
[Site "Darica-Kocaeli"]
[Date "2017.08.06"]
[Round "13"]
[White "Safarli, Eltaj"]
[Black "Tukhaev, Adam"]
[Result "1/2-1/2"]
[WhiteElo "2641"]
[BlackElo "2558"]
[Annotator "TA"]
[PlyCount "78"]
[EventType "team-tourn"]
[EventCountry "TUR"]
[SourceTitle "playchess.com"]
[Source "ChessBase"]
[SourceQuality "1"]

{[%evp 24,78,41,44,40,45,41,55,52,25,27,10,31,0,0,0,0,0,31,0,0,0,0,0,0,0,0,0,0,0,0,-25,0,-8,-17,-15,-29,-67,0,-72,0,0,0,0,0,0,0,0,0,0,0,0,0,0,0,0,0]} 1. e4 e5 2. Nf3 Nc6 3. Bb5 a6 4. Ba4 d6 5. O-O Nf6 6. Re1 Bd7 7. c3 g6 8. d4 Bg7 9. d5 {C79: Ruy Lopez: Steinitz-type lines with 3...a6 4 Ba4 Nf6 5 0-0 d6} (9. Bxc6 Bxc6 10. dxe5 Nxe4 11. exd6 O-O 12. dxc7 Qxc7 13. Be3 Rfe8 14. Nbd2 Nxd2 15. Nxd2 Rad8 16. Qc2 Qd7 {1-0 (38) Vachier Lagrave,M (2788)-Caruana,F (2795) chess.com INT 2016}) 9... Ne7 10. c4 O-O 11. Bxd7 Nxd7 12. Be3 h6 13. Nfd2 {LiveBook: 9 Games} f5 14. f3 $1 g5 15. Nc3 Qe8 $146 ({Predecessor:} 15... Rf7 16. b4 Nf6 17. c5 Kh8 {1-0 (39) Kovacevic,A (2575)-Batricevic,S (2287) Cetinje 2009}) 16. b4 Qg6 17. c5 Nf6 18. exf5 Nxf5 19. Nde4 g4 20. Nxf6+ Rxf6 21. Ne4 gxf3 $1 {[%csl Gf3][%cal Rg6g2] [#]} 22. Nxf6+ Bxf6 {[%csl Gf3][%cal Rg6g2]} 23. Qxf3 e4 $1 $40 {[%cal Re4f3][%mdl 128] White needs to defend precisely.} 24. Qh3 {aiming for Rac1.} Bxa1 25. Rxa1 h5 26. Rf1 Rf8 27. Bd2 Ne7 28. Rxf8+ Kxf8 29. cxd6 cxd6 30. Qc3 Qf5 (30... Kf7 $15) 31. h4 {[#]} (31. Qh8+ $11 Kf7 32. h4 (32. Bh6 Qxd5 33. h4 Qe5 $17)) 31... Nxd5 ({Black should play} 31... Qe5 $1 $17 {[%cal Re5c3] And now ...Qxc3 would win.} 32. Qxe5 dxe5) 32. Qh8+ $11 {The position is equal.} Kf7 {...e3 is the strong threat.} 33. Bg5 $1 Nf4 34. Bxf4 $1 Qxf4 35. Qxh5+ {KQ-KQ} Kg7 36. Qd5 Qxh4 37. Qxd6 Qe1+ 38. Kh2 {Hoping for Qg3+.} Qh4+ 39. Kg1 Qe1+ {Precision: White = 59%, Black = 54%.} 1/2-1/2

[Event "Turkey IS Bank Super League 2017"]
[Site "Darica-Kocaeli"]
[Date "2017.08.06"]
[Round "13"]
[White "Yilmaz, Mustafa"]
[Black "Paichadze, Luka"]
[Result "0-1"]
[WhiteElo "2640"]
[BlackElo "2581"]
[Annotator "TA"]
[PlyCount "76"]
[EventType "team-tourn"]
[EventCountry "TUR"]
[SourceTitle "playchess.com"]
[Source "ChessBase"]
[SourceQuality "1"]

{[%evp 23,76,22,43,0,9,-9,0,0,0,0,0,0,24,18,24,12,20,6,6,8,10,0,8,0,0,0,0,-15,0,-12,-6,-35,0,-26,37,37,39,30,39,39,28,23,30,12,10,0,0,0,0,0,0,-14,0,-580,-572]} 1. d4 Nf6 2. c4 e6 3. Nf3 Bb4+ 4. Bd2 Qe7 5. g3 Nc6 6. Nc3 Bxc3 7. Bxc3 Ne4 8. Rc1 O-O 9. Bg2 d6 10. d5 Nd8 11. O-O e5 12. c5 {E11: Bogo-Indian} f5 {LiveBook: 5 Games} 13. Qc2 Nf7 {[#]} 14. Bb4 $146 {The position is equal.} ({Predecessor:} 14. cxd6 cxd6 15. Nd2 Nxc3 16. Qxc3 Bd7 17. Qb4 b6 18. Rc7 Rfc8 19. Rfc1 Qd8 {½-½ (58) Eingorn,V (2575)-Miles,A (2585) Zagreb 1987}) 14... b6 15. cxd6 cxd6 16. Nd2 Nf6 17. Nc4 Rd8 18. b3 g6 19. Qb2 Bb7 20. Rfd1 Rac8 21. a4 Rc7 (21... Rd7 {seems wilder.} 22. Ba3 Rdc7 23. Qd2 Qd8 24. Ne3 a5) 22. Ne3 Rdc8 23. Rxc7 Qxc7 24. Ba3 Ba6 25. Bb4 Qe7 26. Rd2 f4 27. Nd1 Ng5 28. Rc2 $1 f3 (28... Re8 $11) 29. exf3 $14 Nxd5 {[#] Threatens to win with ...Rxc2.} 30. Ba3 {aiming for f4.} Nf7 31. Rxc8+ Bxc8 32. Qd2 Nf6 33. f4 exf4 34. gxf4 Bb7 35. Bb2 Bxg2 36. Kxg2 Qe6 37. Ne3 (37. Bxf6 $5 Qxf6 38. Qb4 $11) 37... Nh5 38. Nd5 $2 {[%mdl 8192] [#]} (38. Qb4 $11) 38... Qxd5+ $1 {[%mdl 512] Precision: White = 41%, Black = 42%.} 0-1

[Event "Turkey IS Bank Super League 2017"]
[Site "Darica-Kocaeli"]
[Date "2017.08.06"]
[Round "13"]
[White "Mamedov, Nidjat"]
[Black "Korobov, Anton"]
[Result "1/2-1/2"]
[WhiteElo "2589"]
[BlackElo "2668"]
[Annotator "TA"]
[PlyCount "60"]
[EventType "team-tourn"]
[EventCountry "TUR"]
[SourceTitle "playchess.com"]
[Source "ChessBase"]
[SourceQuality "1"]

{[%evp 20,60,52,60,62,38,54,35,72,72,77,28,16,30,38,0,0,0,0,0,0,0,-15,0,0,0,0,0,0,0,0,0,0,0,0,0,0,0,0,0,0,0,0]} 1. e4 c5 2. Nf3 d6 3. d4 cxd4 4. Nxd4 Nf6 5. Nc3 a6 6. Be3 e6 7. g4 h6 8. Bg2 Nc6 9. h3 Ne5 10. Qe2 {B81: Sicilian Scheveningen: Keres Attack} g5 11. O-O-O {LiveBook: 79 Games} (11. f4 gxf4 12. Bxf4 Be7 13. O-O-O Qc7 14. Rhf1 b5 15. Qf2 Bb7 16. Nce2 O-O-O {½-½ (24) Bacrot,E (2719)-Areshchenko,A (2654) Germany 2015}) 11... Qc7 12. f4 {White is slightly better.} gxf4 13. Bxf4 Bd7 14. Nf3 Rc8 15. Nxe5 dxe5 16. Bg3 b5 17. a3 b4 {The position is equal.} 18. axb4 Bxb4 19. Rd3 $146 (19. Qf3 $5 {[%cal Rf3f6]} Nh7 20. Be1 $14) 19... Qa5 {White must now prevent ...Bb5.} 20. Kb1 {Hoping for Qf1.} Rxc3 21. bxc3 Bxc3 {[#]} 22. Rxc3 $1 {[%mdl 512]} Qxc3 23. Qf3 Qc7 {And now ...0-0 would win.} 24. Qxf6 Qb6+ 25. Ka1 Qa5+ 26. Kb1 Qb6+ 27. Ka1 Qa5+ 28. Kb1 Qb6+ 29. Ka1 Qa5+ 30. Kb1 Qb6+ {Precision: White = 72%, Black = 87%.} 1/2-1/2

[Event "Turkey IS Bank Super League 2017"]
[Site "Darica-Kocaeli"]
[Date "2017.08.06"]
[Round "13"]
[White "Pantsulaia, Levan"]
[Black "Haznedaroglu, Kivanc"]
[Result "1-0"]
[WhiteElo "2585"]
[BlackElo "2471"]
[Annotator "TA"]
[PlyCount "67"]
[EventType "team-tourn"]
[EventCountry "TUR"]
[SourceTitle "playchess.com"]
[Source "ChessBase"]
[SourceQuality "1"]

{[%evp 17,67,34,36,0,8,17,46,44,49,45,42,42,68,53,59,19,18,45,34,33,64,50,59,51,58,36,48,14,14,0,0,0,8,18,34,0,0,-7,63,45,59,89,83,69,99,101,137,116,1075,1065,1029,960]} 1. c4 e5 2. Nc3 Nc6 {[%cal Bb8c6,Bc6d4,Bd4e2][%mdl 32]} 3. Nf3 Nf6 4. e4 d6 5. d4 Bg4 6. d5 Nd4 7. Be2 {A28: English Opening: Four Knights Variation} Nxe2 8. Qxe2 g6 9. h3 Bd7 {LiveBook: 3 Games} 10. g4 Bg7 11. Be3 c5 $146 ({Predecessor:} 11... Qe7 12. O-O-O a6 13. Kb1 O-O 14. Nd2 c6 {1-0 (69) Gholami,A (2454)-Edouard,R (2639) Guilan 2016}) 12. dxc6 Bxc6 13. Nd2 O-O 14. f3 a6 15. a4 Ne8 {[%cal Bf6e8,Be8c7,Bc7e6][%mdl 32]} 16. Nb3 Bh6 17. h4 Bxe3 18. Qxe3 Nc7 19. O-O-O Qe7 20. Kb1 Rac8 21. a5 Ne6 22. Rd2 f5 23. h5 {With the idea hxg6.} fxg4 24. fxg4 {Threatening hxg6.} g5 25. Rhd1 Rf4 26. Ka2 Rd8 27. Qe2 Qc7 ({Black should play} 27... Rdf8 $11) 28. c5 $1 $14 {[%cal Rd2d6]} dxc5 {White must now prevent ...Rxd2.} 29. Rxd8+ $1 Nxd8 {[#]} 30. Qc4+ $1 Nf7 {[#]} 31. Nd5 $1 $36 {[%cal Rd5c7][%mdl 2048] White is on the roll.} Qd6 32. Nxc5 Rxg4 $2 {[%mdl 8192]} (32... h6 $16) 33. Ne3 $18 Bb5 34. Qc3 {Precision: White = 70%, Black = 46%.} ({Stronger than} 34. Rxd6 Bxc4+ 35. Nxc4 Nxd6 $15) 1-0

[Event "Turkey IS Bank Super League 2017"]
[Site "Darica-Kocaeli"]
[Date "2017.08.06"]
[Round "13"]
[White "Rozum, Ivan"]
[Black "Mamedov, Rauf"]
[Result "1/2-1/2"]
[WhiteElo "2573"]
[BlackElo "2680"]
[Annotator "TA"]
[PlyCount "88"]
[EventType "team-tourn"]
[EventCountry "TUR"]
[SourceTitle "playchess.com"]
[Source "ChessBase"]
[SourceQuality "1"]

{[%evp 17,88,26,50,45,52,41,77,62,67,67,60,68,120,28,29,20,24,22,28,19,43,37,64,21,21,19,21,-26,-16,-16,-15,-11,-20,-18,-29,-30,0,0,0,-16,-16,-16,-16,-17,-16,-17,-13,-18,-15,-23,-20,-58,-58,-58,-58,-58,-58,-58,-58,-58,-62,-62,-62,-65,-65,-66,-65,-65,0,0,0,0,0]} 1. d4 d5 2. c4 c6 3. Nf3 Nf6 4. e3 g6 5. Nc3 Bg7 6. Be2 O-O 7. O-O a6 8. b3 Bf5 {D94: Grünfeld: 4 Nf3 Bg7 5 e3} (8... Bg4 9. h3 Bxf3 10. Bxf3 e6 11. Bb2 Nbd7 12. Qc2 Qe7 13. a4 Rfd8 14. Ba3 Qe8 15. Rfd1 Bf8 16. Bb2 {½-½ (48) Navara,D (2737)-Ivanchuk,V (2738) Prague 2017}) 9. Bb2 {[%cal Bc1b2,Bb2c3,Bc3a5][%mdl 32]} Ne4 {LiveBook: 6 Games} 10. Rc1 Re8 {White is slightly better.} 11. h3 $146 ({Predecessor:} 11. Qe1 Nxc3 12. Bxc3 Nd7 13. cxd5 cxd5 14. Ba5 b6 15. Bc3 Qb8 16. Bb2 {1-0 (67) Mkrtchian,L (2468)-Dudas,E (2194) Paks 2011}) 11... h6 12. Ne5 Nd7 {[%cal Bb8d7,Bd7f6,Bf6e4][%mdl 32]} 13. cxd5 Nxc3 14. Bxc3 cxd5 (14... Nxe5 $14 15. dxe5 Qxd5) 15. Nd3 (15. g4 $16 Be6 16. Nd3) 15... Rc8 $11 16. Qd2 Nf6 17. Qb2 Qb6 18. Qa3 Ne4 19. Ba5 Qb5 20. Nf4 Qd7 21. g4 {[#] Strongly threatening Rxc8.} g5 22. Nh5 (22. gxf5 gxf4 23. Be1 Rxc1 $17) 22... Bg6 {...Bxh5 is the strong threat.} 23. Nxg7 Kxg7 24. Rxc8 Rxc8 25. Rc1 Ng3 26. Bf3 {[#] And now Rxc8 would win.} ({But not} 26. fxg3 $2 Qd6 $19) 26... Rxc1+ (26... Qb5 {keeps more tension.} 27. fxg3 Rxc1+ 28. Qxc1 Qxa5 29. a3 Be4) 27. Qxc1 Be4 28. Qc7 (28. Kg2 {seems wilder.} Bxf3+ 29. Kxf3 Ne4 30. Qc7 Qb5 31. Qe5+) 28... Qxc7 29. Bxc7 {Black must now prevent Bd1.} Bxf3 30. Bxg3 {[%mdl 4096] Endgame KB-KB} Kg6 31. Bc7 f5 32. gxf5+ Kxf5 33. Kh2 Ke4 34. a4 Bd1 35. a5 Kf3 36. Kg1 Bxb3 37. Bd8 e6 38. Bf6 Ba4 39. Bg7 h5 40. Bf6 g4 41. h4 Bc6 42. Be5 Bd7 (42... Ke4 $15) 43. Kf1 Bc8 44. Ke1 Bd7 {Precision: White = 65%, Black = 68%.} 1/2-1/2

[Event "Turkey IS Bank Super League 2017"]
[Site "Darica-Kocaeli"]
[Date "2017.08.06"]
[Round "13"]
[White "Sanal, Vahap"]
[Black "Samani, Yamac"]
[Result "1-0"]
[WhiteElo "2533"]
[BlackElo "2263"]
[Annotator "TA"]
[PlyCount "89"]
[EventType "team-tourn"]
[EventCountry "TUR"]
[SourceTitle "playchess.com"]
[Source "ChessBase"]
[SourceQuality "1"]

{[%evp 21,89,-13,-12,-13,-14,-35,-27,-35,-36,-48,-41,-53,-50,-64,-38,-64,-43,-54,-20,-38,-21,-27,-14,-21,0,-8,24,-29,35,43,37,29,39,34,57,0,49,37,75,62,127,4,1,7,15,6,8,0,0,-19,-14,-24,0,0,7,-10,0,0,210,212,200,187,300,273,283,172,462,668,698,695]} 1. Nf3 d5 2. g3 Nf6 3. Bg2 c6 4. d3 Bf5 5. Nbd2 h6 6. O-O e6 7. b3 Be7 8. Bb2 O-O 9. c4 a5 10. a3 Nbd7 11. Re1 Bh7 12. Ra2 {A12: English Opening: 1...c6 with b3 by White} (12. Qc2 Bd6 13. Nh4 Re8 14. Rad1 Qe7 15. Qc1 Rad8 16. Qa1 e5 17. cxd5 cxd5 18. Bh3 Bc5 19. d4 exd4 {½-½ (36) Mozharov,M (2573)-Grachev,B (2649) Moscow 2015}) 12... Re8 13. Ba1 $146 ({Predecessor:} 13. Qa1 Bf8 14. Bh3 Qb6 15. Ne5 Bc5 16. Rf1 Nf8 17. d4 Be7 18. c5 Qc7 19. Bc3 b6 {0-1 (63) Krecak,Z (2297)-Brooks,I (2479) ICCF email 1999}) 13... Qb8 14. e4 {Black has an edge.} dxe4 15. dxe4 {Threatening e5.} e5 16. Nh4 Qc7 17. Bc3 Bf8 18. Qf3 Nc5 19. Nf5 Bxf5 20. Qxf5 Rad8 21. Bf1 Nfd7 (21... Rxd2 $5 22. Bxd2 (22. Rxd2 Nxb3 23. Rb2 a4 $11) 22... Nxb3 $11) 22. h4 g6 23. Qf3 h5 24. Rb1 (24. b4 $142 Ne6 25. c5) 24... Bg7 (24... Ra8 $11) 25. b4 $14 Ne6 26. c5 Nd4 27. Qe3 Kh7 28. Kg2 (28. Nc4 $14) 28... Bh6 29. Qe1 $1 Nf8 30. Nc4 Nfe6 (30... axb4 $14 31. Rxb4 Nfe6) 31. b5 (31. Nd6 $16) 31... cxb5 $11 32. Nd6 Rxd6 33. cxd6 Qxd6 34. Bxa5 Qd7 35. Qd1 {[#] Black must now prevent Bxb5!} Qc6 36. Kh2 Qxe4 37. Bg2 $36 {[%mdl 2048] White fights for an advantage.} Qf5 38. a4 e4 39. axb5 Nf3+ $2 (39... Rc8 $11) 40. Bxf3 $1 $18 exf3 {[#]} 41. Rb3 $1 Nf4 (41... b6 {might work better.}) 42. Qxf3 b6 43. Bb4 Qh3+ $2 (43... Re4 44. Bc3 (44. gxf4 Rxf4 45. Qh3 Qe5 $11) 44... Bf8) 44. Kg1 Rc8 {( -> ...Rc1+)} 45. Bd2 {Precision: White = 37%, Black = 30%.} 1-0